Signál a šum

Saved in:
Bibliographic Details
Main Author: Silver, Nate
Format: Book
Language:Czech
Published: Praha Nakladatelství Paseka 2014
Edition:1. vyd.
Subjects:
Tags: Add Tag
No Tags, Be the first to tag this record!

MARC

LEADER 00000nam a2200000 4500
001 0191968
005 20240313090410.5
020 |a 978-80-7432-440-6 
041 0 |a cze 
044 |a CZ 
245 1 0 |a Signál a šum  |c Nate Silver 
250 |a 1. vyd. 
264 1 |a Praha  |b Nakladatelství Paseka  |c 2014 
300 |a 543 s. 
610 2 0 |a predvídanie 
610 2 0 |a informácie 
610 2 0 |a technológie informačné 
610 2 0 |a pokrok vedecký 
610 2 0 |a informatika 
610 2 0 |a počítače 
610 2 0 |a prognózovanie 
610 2 0 |a prognózy 
100 1 |a Silver, Nate